Geography Quiz

Random Geography or City Quiz
Score 0/102 Timer 20:00
0 Plays Today
Place type Place % Correct
stadDelfzijl
95.2%
stadAppingedam
90.5%
dorpVeendam
90.5%
dorpHoogezand
85.7%
dorpSappemeer
81%
dorpBad Nieuweschans
81%
stadWinschoten
81%
dorpNieuwe Pekela
81%
dorpOude Pekela
81%
dorp*Stadskanaal
81%
dorpWildervank
76.2%
dorpTer Apel
76.2%
dorpKropswolde
66.7%
dorpMuntendam
66.7%
dorpSlochteren
66.7%
dorpMidwolda
66.7%
dorpScheemda
66.7%
dorpMussel
66.7%
dorpMusselkanaal
66.7%
dorpLoppersum
61.9%
dorpBellingwolde
61.9%
dorpVlagtwedde
61.9%
dorpZuidbroek
57.1%
dorpBourtange
57.1%
dorpSpijk
52.4%
dorpStedum
52.4%
dorpHarkstede
52.4%
dorpKolham
52.4%
dorpFinsterwolde
52.4%
dorpOudeschans
52.4%
dorpSellingen
52.4%
dorpBierum
47.6%
dorpTermunten
47.6%
dorpKiel-Windeweer
47.6%
Place type Place % Correct
dorpNoordbroek
47.6%
dorpSchildwolde
47.6%
dorpBeerta
47.6%
dorpWedde
47.6%
dorpTermunterzijl
42.9%
dorpMiddelstum
42.9%
dorpMeeden
42.9%
dorpSiddeburen
42.9%
dorpBlauwestad
42.9%
dorpHeiligerlee
42.9%
dorpNieuwolda
42.9%
dorpWesterlee
42.9%
dorpOnstwedde
42.9%
dorpFarmsum
38.1%
dorpGodlinze
38.1%
dorpWagenborgen
38.1%
dorpFoxhol
38.1%
dorpSteendam
38.1%
dorpTjuchem
38.1%
dorpOostwold
38.1%
dorpTer Apelkanaal
38.1%
dorpMeedhuizen
33.3%
dorpScharmer
33.3%
dorpOmmelanderwijk
33.3%
dorpMarsum
28.6%
dorpHolwierde
28.6%
dorpWoldendorp
28.6%
dorpEenum
28.6%
dorpZeerijp
28.6%
dorpHellum
28.6%
dorpNieuw Beerta
28.6%
dorpBoven Pekela
28.6%
dorpVeelerveen
28.6%
dorpTjamsweer
23.8%
Place type Place % Correct
dorpLeermens
23.8%
dorp't Zandt
23.8%
dorpWesteremden
23.8%
dorpOverschild
23.8%
dorpWesterbroek
23.8%
dorpDrieborg
23.8%
dorpNieuw Scheemda
23.8%
dorpVledderveen
23.8%
dorpBlijham
23.8%
dorpJipsingboertange
23.8%
dorpKrewerd
19%
dorpLosdorp
19%
dorpGarrelsweer
19%
dorpFroombosch
19%
dorp't Waar
19%
dorpAlteveer
19%
dorpVriescheloo
19%
'dorp in de stad'Opwierde
14.3%
dorpOosterwijtwerd
14.3%
dorpWesterwijtwerd
14.3%
dorpWirdum
14.3%
dorpZijldijk
14.3%
dorpLageland
14.3%
dorp*Woudbloem
14.3%
dorpKopstukken
14.3%
dorpBorgercompagnie
14.3%
dorpJukwerd
9.5%
dorpUitwierde
9.5%
dorpGarsthuizen
9.5%
dorpHuizinge
9.5%
dorpTripscompagnie
9.5%
dorpZuidwending
9.5%
dorpBorgsweer
4.8%
dorpToornwerd
4.8%
Remove Ads.
Support Sporcle.
Get the best of Sporcle when you Go Orange. This ad-free experience offers more features, more stats, and more fun while also helping to support Sporcle. Thank you for becoming a member.

You're not logged in!

Compare scores with friends on all Sporcle quizzes.
OR
Log In

Sporcle TV

Today on Sporcle TV


Watch our educational content, quiz creation guides, and fun videos on Sporcle TV.

Show Comments

Extras

Top Quizzes Today


Score Distribution

Paid Content

Your Account Isn't Verified!

In order to create a playlist on Sporcle, you need to verify the email address you used during registration. Go to your Sporcle Settings to finish the process.

Report this User

Report this user for behavior that violates our Community Guidelines.

Details: